[Event "Linares-05"]
[Site "Linares"]
[Date "1985.03.20"]
[Round "10"]
[White "Timman, Jan H"]
[Black "Vaganian, Rafael A"]
[Result "1-0"]
[WhiteElo "2650"]
[BlackElo "2640"]
[Annotator "ChessBase"]
[PlyCount "63"]
[EventDate "1985.03.08"]
[EventType "tourn"]
[EventRounds "11"]
[EventCountry "ESP"]
[EventCategory "14"]
[SourceTitle "MCL"]
[Source "ChessBase"]
[SourceDate "1999.07.01"]
[SourceVersion "1"]
[SourceVersionDate "1999.07.01"]
[SourceQuality "1"]

1. e4 e6 2. d4 d5 3. Nc3 Bb4 4. e5 c5 5. Bd2 Ne7 6. Nb5 Bxd2+ 7. Qxd2 O-O 8. c3
Nbc6 9. f4 a6 (9... Nf5) 10. Nd6 cxd4 11. cxd4 Nf5 12. Nxf5 exf5 13. Nf3 Be6
14. Be2 Rc8 15. Rc1 Qb6 16. Kf2 f6 $6 (16... Na5) (16... Ne7) 17. exf6 gxf6 (
17... Rxf6 18. Rc5 Re8 19. Rhc1) 18. Rc3 (18. Rc5 Nxd4) 18... Bf7 19. Rhc1 Rce8
(19... Bh5 20. Rc5) 20. Rc5 Re4 21. Bd3 Rfe8 22. Kg1 Re3 $2 (22... Qc7 23. g3)
(22... Nxd4 23. Bxe4 Ne6 24. Bxf5 Nxc5 25. Qd4 Na4 26. b3 Qxd4+ 27. Nxd4 Nb6
28. Rc7 $18) (22... Kh8 $1 23. Bxe4 fxe4 24. Nh4 e3 $44) 23. Ne5 $1 fxe5 (23...
Rxd3 24. Nxd3 Nxd4 25. Kh1) 24. Qxe3 e4 25. Bc2 $1 Qxb2 (25... Qb4 26. Rd1) 26.
Ba4 Qxa2 (26... Nxd4 27. Bxe8 Bxe8 28. Rd1 Ne2+ 29. Kf1) (26... Qxd4 27. Qxd4
Nxd4 28. Bxe8 Bxe8 29. Kf2 $18) 27. Bxc6 bxc6 28. Rxc6 Qa4 29. h3 Re6 30. Rxe6
Bxe6 31. Rc7 Bd7 32. Kh2 1-0

[Event "Budapest Tungsram-02"]
[Site "Budapest"]
[Date "1976.08.??"]
[Round "?"]
[White "Sax, Gyula"]
[Black "Mednis, Edmar John"]
[Result "0-1"]
[WhiteElo "2530"]
[BlackElo "2435"]
[Annotator "ChessBase"]
[PlyCount "76"]
[EventDate "1976.08.04"]
[EventType "tourn"]
[EventRounds "15"]
[EventCountry "HUN"]
[EventCategory "9"]
[SourceTitle "MCL"]
[Source "ChessBase"]
[SourceDate "1999.07.01"]
[SourceVersion "1"]
[SourceVersionDate "1999.07.01"]
[SourceQuality "1"]

1. e4 e6 2. d4 d5 3. Nc3 Bb4 4. e5 c5 5. Qg4 Ne7 6. Nf3 Nbc6 7. Bd2 (7. Bb5
cxd4 8. Nxd4 O-O 9. Nxc6 Bxc3+ 10. bxc3 bxc6 11. Bd3 Qc7 $1 $13) 7... O-O $1 8.
Bd3 f5 $1 9. exf6 $8 Rxf6 10. Qh5 h6 $5 (10... g6 $1 11. Qh4 (11. Qg5 Rxf3) (
11. Qg4 $2 e5) (11. Qh3 $2 e5) (11. Qh6 Rxf3 (11... Qf8) 12. gxf3 c4 13. Be2
Nf5 (13... Nxd4) 14. Qg5 Be7 $1) 11... Rxf3 $1 12. gxf3 Nxd4 13. Qf6 (13. Qg3
c4) 13... Bd7 (13... Qf8) 14. Bg5 (14. Bh6 Nef5) 14... Nec6) 11. a3 Ba5 (11...
Bxc3 $5 12. bxc3 (12. Bxc3 cxd4 13. Nxd4 e5) 12... c4 13. Be2 Nf5 14. O-O (14.
Ne5 Nd6 15. Nxc6 bxc6 16. Bf3 e5 $1) 14... Nd6 15. Ne5 Ne4) 12. O-O-O (12. dxc5
$2 e5 $1 $15) 12... cxd4 $5 (12... c4) (12... Nxd4 $1) (12... Bxc3) 13. Ne2 Bb6
$5 (13... Bxd2+) (13... Bc7) 14. h4 $5 (14. Bg5 $5 hxg5 15. Qh7+ Kf8 16. Qh8+
Ng8 17. Bh7 $10 Nce7 18. Nxg5 e5 $1 19. Bxg8 Nxg8 20. Nh7+ Kf7 $1 21. Ng5+ $1
Kf8 $1 $10) 14... Bd7 $1 15. Bg5 $5 Qe8 $1 $10 16. Qg4 $2 (16. Qxe8+ $8 Rxe8
17. Bxf6 $10 gxf6 18. Bb5 $1 e5 19. g4 $1 Kf7 20. Rdg1 d3 $1 21. cxd3 Bxf2 22.
Rg2 Be3+ 23. Kb1 Rg8 $10 {Byrne}) 16... e5 17. Qg3 Re6 $1 $17 {Watson} 18. c4
dxc3 19. Nxc3 e4 20. Nxe4 Nf5 $1 21. Qf4 Rxe4 (21... dxe4) 22. Bxe4 dxe4 (22...
Qxe4 23. Qxe4 dxe4 24. Rxd7 exf3 $19) 23. g4 Nfd4 24. Nxd4 Nxd4 25. Kb1 Bc6 $1
(25... hxg5 $5) 26. Rh3 Qg6 27. Qe3 Nf3 28. Qb3+ Qf7 $1 29. Qxf7+ Kxf7 30. Be3
Bxe3 31. fxe3 Ke6 32. h5 Rf8 33. Rg3 Ng5 34. Rg2 Rf3 35. Re1 a6 36. b4 Rf8 37.
Rc2 Nf3 38. Rd1 (38. Rec1 Rd8 $1) 38... Ba4 0-1

[Event "Capablanca Memorial-A 21st"]
[Site "Havana"]
[Date "1986.05.25"]
[Round "5"]
[White "Diaz Diaz, Joaquin Carlos"]
[Black "Granda Zuniga, Julio E"]
[Result "0-1"]
[WhiteElo "2365"]
[BlackElo "2420"]
[Annotator "Dolmatov,S"]
[PlyCount "113"]
[EventDate "1986.05.20"]
[EventType "tourn"]
[EventRounds "13"]
[EventCountry "CUB"]
[EventCategory "10"]
[SourceTitle "MCL"]
[Source "ChessBase"]
[SourceDate "1999.07.01"]
[SourceVersion "1"]
[SourceVersionDate "1999.07.01"]
[SourceQuality "1"]

1. e4 e6 2. d4 d5 3. Nc3 Bb4 4. e5 c5 5. Qg4 $6 Ne7 6. Nf3 (6. a3 Qa5 7. axb4
Qxa1 8. Kd1 cxd4 9. Nb5 O-O $17 {Jansa,V-Kortschnoj,V/Luhacovice/1969/}) 6...
Ng6 7. Bd2 cxd4 8. Nxd4 Nxe5 $1 9. Qxg7 Ng6 10. Nf3 Bf8 (10... Nc6 $6 11. Ng5
Nce5 12. Nxh7 $132) 11. Qd4 Nc6 12. Bb5 Bd7 13. Bxc6 bxc6 14. Na4 Rc8 (14... f6
$5 15. Bb4 e5 16. Qd2 $17) 15. Nc5 (15. Bb4 $2 e5 16. Qd2 c5 $17) 15... Bxc5 (
15... e5 $5 16. Nxe5 Bxc5 17. Qxc5 Nxe5 18. f4 Nc4 19. O-O-O f6 $17) 16. Qxc5
Qb6 17. Be3 Qxc5 18. Bxc5 a6 19. O-O-O f6 $15 20. Rd3 $6 (20. h4 h5 21. g3 Kf7)
20... Rb8 21. Ra3 Bc8 22. Bd6 Rb6 23. Nd4 e5 24. Bc5 Rb7 25. Nb3 Rb5 26. Ra4
Nf4 27. g3 Ne6 28. Ba3 d4 29. Re1 Kf7 30. Rc4 Bb7 31. f4 Rd8 32. f5 Ng5 33. Nc5
(33. h4 Nf3) 33... Bc8 34. Rf1 (34. h4 $6 Nf3 35. Rf1 Nh2 36. Rf2 Ng4 $17)
34... Rd5 35. h4 Rbxc5 36. Rxc5 Rxc5 37. hxg5 (37. Bxc5 Ne4 38. Bb4 Nxg3 39.
Rf2 Nxf5 $17) 37... Rd5 38. gxf6 h5 $1 (38... Kxf6 39. g4) 39. Rh1 (39. Be7 e4
40. Kd2 Bxf5 $17) 39... Bxf5 40. Rxh5 Kxf6 (40... e4 $2 41. g4 $10) 41. Rh6+
Bg6 42. Be7+ Kg7 43. Bg5 (43. Bf8+ Kf7 44. c3 dxc3 45. bxc3 e4 $17) 43... e4
44. Bf4 e3 45. Rh1 Be4 46. Rd1 $2 (46. Re1) 46... Kg6 47. Re1 Kf5 48. c3 Rc5 $1
(48... c5 $6 49. cxd4 cxd4 50. Bxe3 Rc5+ 51. Kd1 dxe3 52. Rxe3 $15) 49. Bd6 Rc4
50. Kd1 (50. Bb4 $6 c5 51. b3 cxb4 52. bxc4 bxc3 $19) 50... Bf3+ $2 (50... Kg4)
(50... dxc3 51. bxc3 Rxc3 52. Rf1+ (52. Ke2 Kg4 $17) 52... Ke6 53. Bb4) 51. Kc2
Ke4 52. Kb3 Kd3 (52... d3 53. Kxc4 d2 54. Rxe3+ Kxe3 55. Bf4+ Ke2 56. Bxd2 Kxd2
57. Kc5 Kc2 58. b4 Kxc3 59. a4 $13) 53. cxd4 e2 54. Bc5 a5 55. Ra1 Kd2 56. Be7
Bd5 57. Ka3 $4 (57. Bg5+ Kd3 58. Ka3 Rxd4 $17) 0-1

[Event "Olympiad-31"]
[Site "Moscow"]
[Date "1994.12.09"]
[Round "8.4"]
[White "Leko, Peter"]
[Black "Hertneck, Gerald"]
[Result "1/2-1/2"]
[WhiteElo "2555"]
[BlackElo "2605"]
[Annotator "Endgame-CD"]
[PlyCount "213"]
[EventDate "1994.12.01"]
[EventType "team-swiss"]
[EventRounds "14"]
[EventCountry "RUS"]
[SourceTitle "CBM 045"]
[Source "ChessBase"]
[SourceDate "1995.04.01"]
[SourceVersion "1"]
[SourceVersionDate "1995.04.01"]
[SourceQuality "1"]
[WhiteTeam "Hungary"]
[BlackTeam "Germany"]
[WhiteTeamCountry "HUN"]
[BlackTeamCountry "GER"]

1. e4 {Schulz,A Hecht} e6 2. d4 d5 3. Nc3 Bb4 4. e5 c5 5. Qg4 Ne7 6. dxc5 Nbc6
7. Bd2 Nf5 8. Nf3 Bxc5 9. Bd3 h5 10. Qf4 Nce7 11. Nh4 d4 12. Na4 Nd5 13. Qe4
Bb4 14. Nxf5 Bxd2+ 15. Kxd2 exf5 16. Qxd4 Qg5+ 17. Ke2 Nf4+ 18. Ke1 Bd7 19. g3
Ne6 20. Qe4 O-O-O 21. Nc5 Bc6 22. Nxe6 fxe6 23. h4 Qg4 24. Qxg4 fxg4 25. Rf1
Rhf8 26. Ke2 Rd5 27. Rae1 Rxe5+ 28. Kd2 Rxe1 29. Kxe1 Bf3 30. Kd2 Kd7 31. Ke3
e5 32. Rc1 Ke6 33. b4 b6 34. c4 Bc6 35. Be2 Bf3 36. c5 Bxe2 37. Kxe2 $16 {
The white pawn-structure is superior: passed c-pawn.} Rb8 38. c6 b5 39. Ke3 Kd6
40. Ke4 Kc7 41. Rc5 Rf8 42. Rxb5 Rxf2 43. Rb7+ Kxc6 44. Rxa7 Rf3 45. a4 Rxg3
46. b5+ Kc5 47. Rc7+ Kb4 48. b6 Rb3 49. Rc8 Ka3 50. a5 g3 51. Rc1 g2 52. Kd5
Ka4 53. a6 Rxb6 54. a7 Ra6 55. Ra1+ Kb5 56. Rb1+ (56. Rxa6) 56... Ka5 57. Ra1+
Kb5 58. Rxa6 g1=Q 59. a8=Q Qg2+ 60. Ke6 (60. Kxe5 {Schulz,A} Qg3+ 61. Ke4 (61.
Ke6 $2 Qg6+ 62. Ke7 Qxa6 63. Qxa6+ Kxa6 64. Kf7 g5 65. hxg5 h4 $10) 61... Qxh4+
62. Ke3 Qh3+ 63. Kf4 Qg4+ 64. Ke5 Qg5+ 65. Ke4 Qg4+ $10 {Perpetual check})
60... Qg6+ 61. Kxe5 Qg3+ $1 (61... Qxa6 $2 62. Qxa6+ Kxa6 63. Kf5 $1 (63. Ke6
$4 g5 64. hxg5 h4 $10) 63... Kb5 64. Kg6 Kc4 65. Kxh5 (65. Kxg7 $2 Kd5 66. Kg6
Ke5 67. Kxh5 Kf5 $10) 65... Kd5 66. Kg6 Ke6 67. Kxg7 $18) 62. Ke6 (62. Kf5 Qg4+
63. Ke5 Qg3+ $10) 62... Qg6+ 63. Ke7 Qxa6 64. Qd5+ $1 (64. Qxa6+ Kxa6 65. Kf7
g5 $1 $10 (65... Kb6 $2 66. Kg6 (66. Kxg7 $2 Kc6 67. Kg6 Kd6 68. Kxh5 Ke7 69.
Kg6 Kf8 $10 70. h5 Kg8 71. h6 Kh8 72. h7 $10) 66... Kc6 67. Kxh5 Kd6 68. Kg6
Ke6 69. Kxg7 $18) 66. hxg5 h4 67. g6 h3 68. g7 h2 69. g8=Q h1=Q $10) 64... Kb4
65. Qxh5 Qf6+ 66. Ke8 g6 67. Qg5 Qh8+ (67... Qxg5 $2 68. hxg5 Kc4 69. Kf7 $18)
68. Kf7 Qh7+ 69. Kf6 Kc3 70. Qe3+ Kc4 71. Qe2+ Kb3 72. Kg5 Qg7 73. Qd3+ Kb2 74.
Qb5+ (74. Qxg6 Qe5+ $10 (74... Qd7 $10) (74... Qc7 $10) (74... Qb7 $10) (74...
Qa7 $10)) 74... Kc2 75. Qc6+ Kd1 (75... Kb3 $142 $1) (75... Kb3 76. Qxg6) (
75... Kb3 $142 $1 {Endgame CD}) 76. Qd6+ Ke2 77. Qf6 Qh7 78. Qxg6 Qe7+ 79. Qf6
Qe3+ 80. Kg6 $10 {ENDGAME-CD} Qe4+ 81. Kh6 Qe3+ 82. Kg7 Qg3+ 83. Kf8 Qg4 84.
Kf7 Ke3 85. Qe5+ Kf2 $6 (85... Kd3 $142 86. h5 Qd7+ 87. Kg6 Qc6+ 88. Qf6 Qg2+
$10 {The defending K is at best posted in the a-file at a4, a3 or a2. Compare
to this defending strategie the game Belotti,B-Vaganian,R/Reggio Emilia (03)/
1994/1/2-1/2/ ;CBM 45: 73.Kh5!}) (85... Kd2 86. Qg5+ $18 {war die Idee}) 86. h5
Qd7+ (86... Qc4+ $10 {ist der zweite Zug der noch remis hält.} 87. Kg6 Qg8+ (
87... Kg1 $10) 88. Kf5 Qh7+ 89. Kg4 Kg1 (89... Kg2 $10) 90. Qf5 Qh8 $1 $8 91.
Qg5 Kh1 {Der weiße König darf nicht mit Schach abziehen.} (91... Kh2 $10) 92.
h6 Qd4+ $8 93. Kh5 Qd1+ 94. Kg6 Qd3+ 95. Qf5 Qd6+ 96. Kg5 Qd2+ 97. Kg6 Qd6+ 98.
Qf6 Qg3+ 99. Kh7 $10 {usw.}) 87. Kg6 Kg2 $2 (87... Kg1 $1 $8 {Only this move
holds the draw.} 88. h6 Qd3+ (88... Qc6+ $2 89. Qf6 $1 $8 Qe4+ 90. Qf5 Qc6+ (
90... Qe8+ {33, ist noch hartnäckiger.}) 91. Kg5 Qc1+ 92. Kh5 Qc7 93. h7 Qh2+
94. Kg6 Qd6+ 95. Kg7 Qc7+ 96. Qf7 Qc3+ 97. Qf6 Qc7+ 98. Kg6 Qc2+ 99. Qf5 Qc6+
100. Kh5 Qc3 101. Qg6+ Kh2 102. Qh6) 89. Kg7 Qd7+ 90. Kf6 Qc6+ 91. Kg5 Qg2+ $1
$10 {according to ENGAME-CD from ChessBase.} (91... Qg2+ $1 $8 92. Kf6 Qf3+ 93.
Qf5 Qc3+ $10 {usw.})) (87... Qg4+ 88. Qg5 Qc4 89. h6 {verliert auch (30).}) 88.
h6 Qd3+ 89. Qf5 $2 (89. Kg7 $1 Qd7+ 90. Kf6 Qd8+ (90... Qc6+ 91. Kg5 Qc1+ 92.
Qf4 Qc5+ 93. Kg4 Qc8+ 94. Qf5 Qg8+ 95. Kh5 Qh8 (95... Qe8+ 96. Qg6+ $18) 96. h7
Kh2 97. Qf4+ Kh1 98. Qe4+ Kh2 99. Kg6 Kg3 100. Kf7 Kh2 101. Qg6 Qd4 102. Qh6+
$18) 91. Kf5 Qf8+ 92. Qf6 Qc8+ (92... Qc5+ 93. Kg6 Qc2+ 94. Qf5 Qc6+ 95. Kg5
Kh1 (95... Qc1+ 96. Kh5 Qc3 (96... Qd1+ 97. Qg4+ $18) 97. h7 Kh1 98. Qd5+ Kh2
99. Qa2+ Kh3 (99... Kh1 100. Qa8+ $18) 100. Qe6+ Kh2 101. Qh6 Qe5+ 102. Kg6+
$18) 96. Qh3+ Kg1 97. Qg4+ Kh2 98. Qh5+ Kg3 99. h7 Qc5+ 100. Kg6 Qb6+ 101. Kg7
Qb2+ 102. Kh6 Qd4 (102... Qf6+ 103. Qg6+ $18) 103. Qf7 {Idee: 104.Dg8} Qd2+
104. Kg6 Qc2+ 105. Qf5 Qc6+ 106. Kg5 Qc1+ 107. Kf6 Qc6+ 108. Qe6 Qf3+ 109. Kg6
Qd3+ 110. Qf5 Qd6+ 111. Qf6 Qd3+ 112. Kh6 Qe3+ 113. Qg5+ $18) 93. Qe6 Qc5+ 94.
Kg6 Qc2+ 95. Qf5 Qc6+ 96. Kg5 Kh1 97. Qh3+ Kg1 98. Qg4+ Kh2 99. Qh5+ Kg3 100.
h7 Qc5+ 101. Kg6 Qd6+ 102. Kg7 Qe7+ 103. Qf7 Qe5+ 104. Qf6 Qc7+ 105. Kh6 $18 {
ENDGAME-CD}) 89... Qd6+ (89... Qg3+ 90. Qg5 Kh1 $10 {ENDGAME-CD}) 90. Qf6 (90.
Kh5 Qh2+ 91. Kg5 Qg3+ 92. Kh5 (92. Qg4 Kh1) 92... Qh2+ 93. Kg6 Qg3+ 94. Qg5 Kh1
) 90... Qd3+ 91. Kg7 Qd7+ 92. Kg6 Qe8+ $2 (92... Qd3+ $1 $10) (92... Qd3+ $1
$10) (92... Qd3+ $1 $10 {Endgame CD}) 93. Kh7 $2 (93. Kf5 Qb5+ (93... Qd7+ 94.
Qe6 Qb5+ 95. Kf6 Qb2+ 96. Kg6 Qc2+ 97. Qf5 Qc6+ 98. Kg5 Qc1+ 99. Kh5 Qh1+ 100.
Kg6 $18 {gewinnt ebenfalls}) 94. Qe5 Qf1+ (94... Qb1+ 95. Qe4+ $18) 95. Qf4
Qb5+ 96. Kf6 Qb6+ 97. Kg7 Qa7+ 98. Kg6 Qa6+ 99. Kg5 Qb7 (99... Qb5+ 100. Qf5
Qb2 101. h7 Qd2+ 102. Kh5 Qc3 103. Kg6 Qc6+ (103... Qg3+ 104. Qg5 Kh1 {mit der
typischen Pattidee geht hier natürlich nicht wegen} 105. h8=Q+) 104. Qf6 Qc2+
105. Kh6 $18) 100. Qf5 Kh1 101. Kh4 Kh2 102. h7 Qe7+ 103. Kg4 Qe2+ 104. Kg5
Qe7+ 105. Kf4 Qb4+ 106. Qe4 Qf8+ 107. Ke3 Qa3+ 108. Kd2 Qa5+ 109. Ke2 Qa6+ 110.
Qd3 Qe6+ 111. Kd1 Qf6 112. Kc1 Kg2 113. Kc2 Qc6+ 114. Kb2 Qb7+ 115. Kc1 Qg7
116. Qe4+ Kg1 117. Kb1 Qf6 118. Qe1+ Kg2 119. Qc1 $1 $18 {ENDGAME-CD}) 93...
Kh3 (93... Qe3 94. Kg7 Qg3+ 95. Qg6 Kh1 $10 {mit einem typischen Pattmotiv ist
auch nett.}) 94. Kg7 Qd7+ 95. Kf8 Qc8+ 96. Kf7 Qd7+ 97. Kf8 Qc8+ 98. Ke7 Qc7+
99. Ke6 Qc6+ 100. Kf5 Qc2+ 101. Ke5 Qc3+ 102. Ke6 Qc4+ 103. Kd6 Qb4+ 104. Kd7
Qb7+ 105. Ke8 Qc8+ 106. Ke7 Qc7+ 107. Kf8 1/2-1/2

[Event "EU-chT (Men) 11th"]
[Site "Pula"]
[Date "1997.05.??"]
[Round "5.4"]
[White "Mantovani, Renzo"]
[Black "Zaja, Ivan"]
[Result "1-0"]
[WhiteElo "2365"]
[BlackElo "2440"]
[Annotator "Finkel,A"]
[PlyCount "49"]
[EventDate "1997.05.05"]
[EventType "team-swiss"]
[EventRounds "9"]
[EventCountry "CRO"]
[SourceTitle "CBM 057 Extra"]
[Source "ChessBase"]
[SourceDate "1997.05.01"]
[SourceVersion "1"]
[SourceVersionDate "1997.05.01"]
[SourceQuality "1"]
[WhiteTeam "Italy"]
[BlackTeam "Croatia II"]
[WhiteTeamCountry "ITA"]
[BlackTeamCountry "CRO"]

1. e4 {Hecht} e6 2. d4 d5 3. Nc3 Bb4 4. e5 c5 5. Qg4 Ne7 6. Nf3 Nbc6 7. Bb5 Qa5
(7... Bxc3+ 8. bxc3 Qa5 9. Bxc6+ bxc6 10. Bd2 $5 (10. O-O) 10... Qa4 $5 (10...
Ba6 11. a4 Qb6 (11... Nf5 $5) 12. Qxg7 Qb2 13. Rc1 Rg8 14. Qxh7 Rxg2 15. h4 (
15. Ng5 $2 Rxg5 16. Bxg5 Qxc3+ 17. Bd2 Qf3 $1 $19) 15... Qa2 16. Ng5 O-O-O $1
17. Nxf7 Nf5 $1 $36 {Jezek,J-Hollis,A/cr 1985 (35)}) 11. O-O Nf5 12. Rfc1 O-O
13. Nh4 Rb8 14. Nxf5 exf5 15. Qg3 Kh8 $11 {Hebden,M-Vaganian,R/Hastings 1982 
(20)}) 8. O-O (8. Bxc6+ $6 bxc6 9. Bd2 Ba6 10. dxc5 Nf5 11. O-O-O Rb8 12. Nd4
$6 h5 $1 13. Nxc6 (13. Qf4 g5 14. Nxc6 gxf4 15. Nxa5 Bxa5 16. Bxf4 Rc8 $19)
13... hxg4 14. Nxa5 Bxa5 $19 {Blaich,G-Schnirch,A/Ladenburg MB 1992 (35)}) (8.
Bd2 $5 Bxc3 $6 (8... Bd7 9. Bxc6 Bxc6 10. O-O O-O $6 (10... cxd4 $5) 11. dxc5
Qxc5 $2 12. Na4 $1 Qxc2 13. Bxb4 Qxa4 14. b3 h5 15. Qd4 $18 {Coklin,
M-Volcansek,A/Ljubljana op 1993 (25)}) (8... O-O) 9. Bxc6+ bxc6 10. Bxc3 Qa6
11. dxc5 (11. Qxg7 $5) 11... Nf5 12. Nd4 Qc4 13. O-O-O O-O 14. Kb1 $14 {
Mantovani Renzo-Baumgartner Walter/It (open), Bad Ragaz (Switzerland) 1995 (29)
}) 8... Bxc3 9. Bxc6+ bxc6 10. bxc3 Qxc3 (10... Ba6 $5 11. c4 $6 Nf5 (11...
Bxc4 $1 12. Bd2 Qa4 13. Rfb1 O-O 14. Rb7 Nf5 $15) 12. Bd2 Qa4 13. dxc5 O-O 14.
Rfc1 Rab8 15. Nh4 Qxc4 (15... Nxh4 $15) 16. Qxc4 Bxc4 17. Nxf5 exf5 {1/2-1/2
Zelcic,R-Kindermann,S/Bad Woerishofen op 1994}) 11. Qxg7 Rg8 12. Qxh7 Ba6 13.
Bd2 {[#]} Qxf3 14. Qxg8+ Nxg8 15. gxf3 Bxf1 16. Kxf1 {[#] Hecht starker weißer
h-Freibauer benötigt schwarzen König am K-Flügel! Nach T-Tausch entscheidet
der h-Bauer} cxd4 17. Rb1 O-O-O (17... c5 {Hecht} 18. Rb7 Kf8 $13 19. Rc7 c4
20. Bb4+ Kg7 21. Bc5 a5 (21... a6 $5) 22. Bxd4 Nh6 {[%csl Ra5]}) 18. Bb4 $1 $16
{Very strong move after which black faces serrious difficulties.} (18. Bg5 $5
Rf8 19. Ke2 c5 20. h4 f6 21. Bf4 fxe5 $6 (21... Kc7 $5 22. exf6+ Kc6 23. h5
Nxf6 24. h6 Rh8 $14) 22. Bxe5 Rf5 23. Rb8+ Kd7 24. Bxd4 $1 $16 {Martinez
Semprun,F-Ballesteros,D/Sevilla 1992 (33)}) 18... Rd7 (18... Nh6 19. Be7 $1 Rh8
20. Bd6 Rh7 21. Rb8+ Kd7 22. Rb7+ Kd8 23. Rxa7 $16 {Zelcic,R-Krzisnik,Z/Bled
op 1994 (49)}) 19. Bc5 Rb7 $6 {Inaccuracy,leading to nearly lost endgame.It
was better to play} (19... Nh6 20. Bxd4 Nf5 21. Bc5 f6 22. exf6 Rf7 $16 {
keeping drawing chances}) 20. Rxb7 Kxb7 21. h4 $18 Ka6 (21... f6 {Hecht} 22.
Bxd4 fxe5 23. Bxe5 Nh6 24. h5 c5 25. Bg7 Nf7 26. f4 $18) 22. Bxd4 Nh6 23. h5
Nf5 24. Be3 d4 25. Bxd4 {Nice example of good opening preparation.} 1-0

[Event "Leon"]
[Site "Leon"]
[Date "1994.??.??"]
[Round "7"]
[White "De la Villa Garcia, Jesus Maria"]
[Black "Beliavsky, Alexander G"]
[Result "1-0"]
[WhiteElo "2470"]
[BlackElo "2650"]
[Annotator "Franco"]
[PlyCount "89"]
[EventDate "1994.05.??"]
[EventType "tourn"]
[EventRounds "9"]
[EventCountry "ESP"]
[EventCategory "12"]
[SourceTitle "CBM 042"]
[Source "ChessBase"]
[SourceDate "1994.10.01"]
[SourceVersion "1"]
[SourceVersionDate "1994.10.01"]
[SourceQuality "1"]

1. e4 e6 2. d4 d5 3. Nc3 Bb4 4. e5 c5 5. Qg4 Ne7 6. dxc5 Nbc6 7. Bd2 O-O 8.
O-O-O Nf5 9. Nf3 Bxc5 10. Bd3 f6 11. Bxf5 exf5 12. Qg3 fxe5 (12... Be6 $5) 13.
Nxe5 Be6 $6 14. Nd3 Bd4 $6 15. Nb5 $1 Rc8 $2 (15... Qb6) 16. Nf4 Be5 17. Nxe6
Qf6 18. Nf4 a6 19. Nc3 Qf7 20. Rhe1 Rfd8 21. Kb1 b5 22. Nce2 a5 23. Qd3 a4 24.
g3 b4 25. h4 g6 $1 26. Ng1 Bh8 27. Nf3 Qf6 28. Bc1 b3 29. axb3 $2 (29. Nxd5 $1)
29... Nb4 $1 30. Qd4 Qc6 31. Qd2 axb3 32. cxb3 d4 $6 33. Ne5 (33. Nd3 $1) 33...
Bxe5 34. Rxe5 d3 $1 35. Qxb4 Qc2+ 36. Ka2 Qxd1 $4 (36... Rd4 $1 37. Qe1 Ra4+
38. bxa4 Qxa4+ 39. Kb1 Qc2+ $10) 37. Bd2 Rc2 38. Bc3 Rc8 39. Rc5 Ra8+ 40. Ra5
Rc8 41. Rc5 Ra8+ 42. Ra5 Rc8 43. Nd5 Rc1 44. Nf6+ Kh8 45. Ng4+ (45. Ng4+ R1xc3
46. Qd4+ Kg8 47. Nh6+ Kf8 48. Qf6+ Ke8 49. Qf7+ Kd8 50. Rd5#) 1-0

[Event "London Simpsons 175th"]
[Site "London"]
[Date "2003.08.26"]
[Round "2"]
[White "Emms, John M"]
[Black "King, Daniel J"]
[Result "0-1"]
[WhiteElo "2520"]
[BlackElo "2503"]
[Annotator "Hecht,H"]
[PlyCount "94"]
[EventDate "2003.08.25"]
[EventType "tourn"]
[EventRounds "1"]
[EventCountry "ENG"]
[EventCategory "10"]
[SourceTitle "CBM 097"]
[Source "ChessBase"]
[SourceDate "2003.11.11"]
[SourceVersion "1"]
[SourceVersionDate "2003.11.11"]
[SourceQuality "1"]

1. e4 e6 2. d4 d5 3. Nd2 c5 4. Ngf3 Nf6 5. e5 Ne4 6. Bd3 Nxd2 7. Bxd2 cxd4 8.
Nxd4 Nc6 9. Nxc6 bxc6 10. O-O Rb8 11. b4 Be7 12. Rb1 g6 13. Qe2 O-O 14. g3 c5
15. bxc5 Rxb1 16. Rxb1 Bxc5 17. Bh6 Re8 18. h4 Bf8 19. Qe3 d4 20. Qf4 Bxh6 21.
Qxh6 Qd5 22. Rb5 Qc6 23. Qf4 Bb7 24. f3 Qxf3 25. Qxf3 Bxf3 26. Kf2 Bh1 27. g4
Kg7 28. g5 h6 29. Kg3 hxg5 30. hxg5 Rd8 31. Kf4 Rd5 32. a4 Rxb5 33. axb5 Bd5
34. Be4 Kf8 35. Kf3 Ke7 36. Bxd5 exd5 {Theme: tempo. Accurate calculation is
needed. Thema: Tempospiel - Abzählen ist gefragt.} 37. Ke2 ({Zu einem
verlorenen Damenendspiel führt} 37. Kg3 {would lead to a losing queen endgame.}
Kd7 38. Kf3 Kc7 39. Kf4 Kb6 40. e6 fxe6 41. Ke5 Kxb5 42. Kf6 e5 $19 (42... Kc4
$144 $19)) 37... Ke6 38. Kd2 Kxe5 39. Kd3 f6 40. gxf6 Kxf6 41. Kxd4 Ke6 42. c4
dxc4 43. Kxc4 Kd6 44. Kd4 g5 45. Ke4 Kc5 46. Kf5 Kxb5 47. Kxg5 a5 0-1

[Event "Pamplona 9596 6th"]
[Site "Pamplona"]
[Date "1996.??.??"]
[Round "?"]
[White "De la Villa Garcia, Jesus Maria"]
[Black "Shulman, Yuri"]
[Result "0-1"]
[WhiteElo "2500"]
[BlackElo "2540"]
[Annotator "Hecht,H"]
[PlyCount "64"]
[EventDate "1995.12.??"]
[EventType "tourn"]
[EventRounds "9"]
[EventCountry "ESP"]
[EventCategory "13"]
[SourceTitle "CBM 052"]
[Source "ChessBase"]
[SourceDate "1996.06.01"]
[SourceVersion "1"]
[SourceVersionDate "1996.06.01"]
[SourceQuality "1"]

1. e4 {Ftacnik} e6 2. d4 d5 3. Nc3 Bb4 4. e5 c5 5. Bd2 Ne7 6. dxc5 O-O 7. Qh5
Nd7 8. Bd3 f5 9. exf6 Nxf6 10. Qh4 d4 11. Bg5 dxc3 12. Qxb4 Ned5 13. Qa3 h6 14.
Bc1 e5 15. Ne2 Ng4 16. Bc4 Be6 17. Nxc3 Nxf2 18. O-O Qh4 19. Bxd5 Nh3+ 20. gxh3
Rxf1+ 21. Kxf1 Rf8+ 22. Bf4 (22. Ke2 {Ftacnik} Rf2+ 23. Kd1 (23. Kd3 Qd4#)
23... Bxd5 24. Be3 (24. Nxd5 Qh5+) 24... Bf3+ 25. Kc1 Rf1+ 26. Kd2 Qd8+ $19)
22... Qxf4+ 23. Kg2 (23. Ke2 {Ftacnik} Bxd5 24. Nxd5 Qf2+ 25. Kd1 Qf1+ $19)
23... Qd2+ 24. Kg1 Qd4+ 25. Kh1 (25. Kg2 {Ftacnik} Rf2+) 25... Bxd5+ 26. Nxd5
Qxd5+ {[#] DT-DT: schwache weiße K-Pos, Abseitsstellung der wD+T ==>
Mattangriff} 27. Kg1 Qd4+ 28. Kh1 (28. Kg2 Rf2+ 29. Kh1 Qe4+ 30. Kg1 Qg2#)
28... Qe4+ 29. Kg1 Rf6 30. Qb3+ Kh8 31. Qd3 Rg6+ 32. Kf2 (32. Kf1 Qh1+ 33. Kf2
Rf6+ 34. Kg3 Qxa1 35. Qd8+ Kh7 36. Qd3+ Rg6+ $19) 32... Qf4+ (32... Qf4+ 33.
Qf3 Qxh2+ 34. Ke3 Rg3 $19) 0-1